Statystyki dla Flagi państw które mają we fladze półksiężyc

Kliknij tutaj aby rozwiązać quiz!

Ogólne statystyki

  • Ten quiz został rozwiązany 144 razy
  • Średni wynik to 8 z 15

Statystyki odpowiedzi

LiczbaNazwa Państwa% Poprawnych
11Turcja
96%
8Pakistan
77%
10Tunezja
77%
1Algieria
70%
12Turkmenistan
68%
13Uzbekistan
61%
4Libia
57%
2Azerbejdżan
56%
7Mauretania
53%
9Singapur
43%
6Malezja
39%
5Malediwy
38%
3Komory
29%
14Cypr Północny
9%
15Sahara Zachodnia
9%

Rozkład punktacji

Percentyl według liczby udzielonych odpowiedzi

Procent ludzi z każdym wynikiem

Twoja historia wyników

Nie rozwiązałeś tego quizu